000
00158nam a22000857a 4500
082
_a
823
100
_a
LAURENT DE
245
_a
BARBER LOSES HIS CROWN
942
_c
BK
999
_c
8148
_d
8148